| 000 | 02043 a2200349 4500 | ||
|---|---|---|---|
| 005 | 20090519140548.0 | ||
| 008 | 090519t xxu||||| |||| 00| 0 eng d | ||
| 010 | _aENG-90014 B-309888-890, B-317943 | ||
| 020 |
_a0195693523 _c2950.00 |
||
| 020 |
_a9780195693522 _c2950.00 |
||
| 035 | _aEN-73547 | ||
| 035 | _aB-309888-890 | ||
| 035 | _aB-317943 | ||
| 037 | _bDBAD / PUB | ||
| 040 |
_adpl _bEnglish |
||
| 082 | _a330.954 | ||
| 245 |
_aThe oxford companion to economics in India / _cedited by Kaushik Basu |
||
| 250 | _arev ed | ||
| 260 |
_aNew Delhi _bOxford University Press _c2008 |
||
| 270 |
_aYMCA Library Building, Jai Singh Road _bNew Delhi _cDelhi _e110001 |
||
| 300 |
_ax, 614p. _c27cm( Hb) _eCD-ROM |
||
| 500 | _aIncludes index | ||
| 700 | _aBasu, Kaushik | ||
| 942 |
_adpl _cEN _2ddc _h330.954 _mOXF |
||
| 999 |
_c11807 _d11807 |
||